[Event "Sarkany-Aranytiz GM"]
[Site "Budapest"]
[Date "2015.08.19"]
[Round "5.2"]
[White "Torma, Robert"]
[Black "Prasanna, Raghuram Rao"]
[Result "1-0"]
[BlackElo "2424"]
[WhiteElo "2434"]
[LiveChessVersion "1.4.6"]

1. d4 {[%clk 1:30:26]} d5 {[%clk 1:30:24]} 2. c4 {[%clk 1:30:50]} e6
{[%clk 1:30:42]} 3. Nc3 {[%clk 1:31:14]} f5 {[%clk 1:31:08]} 4. Nf3
{[%clk 1:27:55]} c6 {[%clk 1:31:32]} 5. e3 {[%clk 1:25:25]} Nf6 {[%clk 1:31:57]}
6. Bd3 {[%clk 1:24:58]} Bd6 {[%clk 1:32:20]} 7. O-O {[%clk 1:21:00]} O-O
{[%clk 1:32:42]} 8. b3 {[%clk 1:17:09]} Nbd7 {[%clk 1:32:49]} 9. cxd5
{[%clk 1:12:05]} cxd5 {[%clk 1:33:03]} 10. Nb5 {[%clk 1:06:03]} Be7
{[%clk 1:32:29]} 11. Ba3 {[%clk 1:01:18]} Bxa3 {[%clk 1:28:28]} 12. Nxa3
{[%clk 1:01:44]} Qe7 {[%clk 1:28:47]} 13. Nb5 {[%clk 0:54:03]} a6
{[%clk 1:27:56]} 14. Nc3 {[%clk 0:54:24]} b6 {[%clk 1:25:54]} 15. Rc1
{[%clk 0:47:05]} Bb7 {[%clk 1:26:08]} 16. Qe2 {[%clk 0:46:48]} Qd6
{[%clk 1:12:44]} 17. Qb2 {[%clk 0:45:24]} Ne4 {[%clk 1:06:01]} 18. Ne2
{[%clk 0:44:33]} Rfc8 {[%clk 1:04:14]} 19. Ne5 {[%clk 0:39:54]} Nec5
{[%clk 0:47:12]} 20. Bb1 {[%clk 0:36:04]} a5 {[%clk 0:38:52]} 21. dxc5
{[%clk 0:24:56]} Qxe5 {[%clk 0:39:10]} 22. Qxe5 {[%clk 0:24:40]} Nxe5
{[%clk 0:39:38]} 23. cxb6 {[%clk 0:22:15]} Ba6 {[%clk 0:39:41]} 24. Nd4
{[%clk 0:15:29]} Rcb8 {[%clk 0:21:06]} 25. Rc7 {[%clk 0:07:35]} Rxb6
{[%clk 0:18:04]} 26. Rfc1 {[%clk 0:07:47]} a4 {[%clk 0:15:02]} 27. Re7
{[%clk 0:06:47]} axb3 {[%clk 0:15:16]} 28. axb3 {[%clk 0:05:51]} Bd3
{[%clk 0:15:29]} 29. f4 {[%clk 0:01:10]} Ng6 {[%clk 0:15:44]} 30. Rec7
{[%clk 0:01:22]} Be4 {[%clk 0:10:15]} 31. Bxe4 {[%clk 0:01:45]} fxe4
{[%clk 0:10:42]} 32. Rd7 {[%clk 0:01:31]} Nf8 {[%clk 0:10:26]} 33. Re7
{[%clk 0:01:46]} Rba6 {[%clk 0:10:46]} 34. b4 {[%clk 0:01:16]} Ra3
{[%clk 0:10:24]} 35. b5 {[%clk 0:01:13]} Rb8 {[%clk 0:09:35]} 36. Kf2
{[%clk 0:01:10]} Ra2+ {[%clk 0:09:47]} 37. Kg3 {[%clk 0:01:31]} Rb2
{[%clk 0:09:47]} 38. Rcc7 {[%clk 0:01:46]} g6 {[%clk 0:10:13]} 39. Rg7+
{[%clk 0:01:40]} Kh8 {[%clk 0:10:40]} 40. Rb7 {[%clk 0:31:22]} Ra8
{[%clk 0:40:57]} 41. Ra7 {[%clk 0:21:42]} Rc8 {[%clk 0:40:22]} 42. Rgc7
{[%clk 0:20:14]} Re8 {[%clk 0:40:20]} 43. Nc6 {[%clk 0:11:01]} Rxb5
{[%clk 0:40:10]} 44. Ne5 {[%clk 0:11:23]} Reb8 {[%clk 0:37:24]} 45. Ng4
{[%clk 0:06:34]} d4 {[%clk 0:37:37]} 46. Nf6 {[%clk 0:06:48]} Rh5
{[%clk 0:37:57]} 47. Rg7 {[%clk 0:06:32]} 1-0

[Event "Sarkany-Aranytiz GM"]
[Site "Budapest"]
[Date "2015.08.19"]
[Round "5.3"]
[White "Almasi, Istvan"]
[Black "Szabo, Gergely-Andras-Gyula"]
[Result "1/2-1/2"]
[BlackElo "2551"]
[WhiteElo "2405"]
[LiveChessVersion "1.4.6"]

1. Nf3 {[%clk 1:29:37]} c5 {[%clk 1:26:12]} 2. e4 {[%clk 1:29:58]} e6
{[%clk 1:25:30]} 3. d4 {[%clk 1:29:52]} cxd4 {[%clk 1:25:54]} 4. Nxd4
{[%clk 1:30:17]} Nc6 {[%clk 1:26:17]} 5. Nc3 {[%clk 1:29:57]} Qc7
{[%clk 1:25:55]} 6. Be3 {[%clk 1:29:29]} a6 {[%clk 1:25:02]} 7. Be2
{[%clk 1:27:44]} Nf6 {[%clk 1:24:32]} 8. O-O {[%clk 1:28:00]} Be7
{[%clk 1:21:43]} 9. f4 {[%clk 1:28:12]} d6 {[%clk 1:22:07]} 10. Qe1
{[%clk 1:26:55]} O-O {[%clk 1:19:38]} 11. Qg3 {[%clk 1:27:14]} Nxd4
{[%clk 1:19:17]} 12. Bxd4 {[%clk 1:27:41]} b5 {[%clk 1:19:37]} 13. a3
{[%clk 1:27:59]} Bb7 {[%clk 1:19:48]} 14. Rae1 {[%clk 1:28:14]} Bc6
{[%clk 1:18:25]} 15. Bd3 {[%clk 1:25:18]} Rad8 {[%clk 0:55:33]} 16. Kh1
{[%clk 1:22:45]} Qb7 {[%clk 0:54:45]} 17. Qh3 {[%clk 1:19:28]} g6
{[%clk 0:50:07]} 18. f5 {[%clk 1:04:49]} e5 {[%clk 0:48:19]} 19. Be3
{[%clk 1:00:18]} Nh5 {[%clk 0:42:49]} 20. Rf3 {[%clk 0:59:37]} Bf6
{[%clk 0:35:19]} 21. Ref1 {[%clk 0:58:06]} Kg7 {[%clk 0:29:19]} 22. Qg4
{[%clk 0:41:32]} Nf4 {[%clk 0:23:18]} 23. Bxf4 {[%clk 0:39:16]} h5
{[%clk 0:22:32]} 24. Qh3 {[%clk 0:37:56]} exf4 {[%clk 0:22:26]} 25. fxg6
{[%clk 0:35:20]} Bd7 {[%clk 0:16:34]} 26. Qxh5 {[%clk 0:35:43]} fxg6
{[%clk 0:16:47]} 27. Qd5 {[%clk 0:36:02]} Bc6 {[%clk 0:16:27]} 28. Qe6
{[%clk 0:34:09]} Bd7 {[%clk 0:13:57]} 29. Qd5 {[%clk 0:34:06]} Bc6
{[%clk 0:14:18]} 30. Qe6 {[%clk 0:23:46]} Bd7 {[%clk 0:14:29]} 31. Qd5
{[%clk 0:22:28]} 1/2-1/2

[Event "Sarkany-Aranytiz GM"]
[Site "Budapest"]
[Date "2015.08.19"]
[Round "5.4"]
[White "Horvath, Csaba"]
[Black "Nguyen, Huynh Minh Huy"]
[Result "1/2-1/2"]
[BlackElo "2496"]
[WhiteElo "2540"]
[LiveChessVersion "1.4.6"]

1. d4 {[%clk 1:28:14]} d5 {[%clk 1:30:23]} 2. c4 {[%clk 1:28:38]} c6
{[%clk 1:30:48]} 3. Nc3 {[%clk 1:29:02]} Nf6 {[%clk 1:31:12]} 4. e3
{[%clk 1:29:25]} Bf5 {[%clk 1:29:26]} 5. cxd5 {[%clk 1:28:56]} cxd5
{[%clk 1:29:50]} 6. Qb3 {[%clk 1:29:22]} Nc6 {[%clk 1:30:13]} 7. Qxb7
{[%clk 1:29:04]} Bd7 {[%clk 1:30:37]} 8. Qb3 {[%clk 1:28:36]} Rb8
{[%clk 1:31:01]} 9. Qd1 {[%clk 1:28:20]} e5 {[%clk 1:31:20]} 10. dxe5
{[%clk 1:25:24]} Nxe5 {[%clk 1:31:43]} 11. Be2 {[%clk 1:25:19]} Bd6
{[%clk 1:32:01]} 12. Nf3 {[%clk 1:24:58]} O-O {[%clk 1:32:16]} 13. O-O
{[%clk 1:23:27]} Qe7 {[%clk 1:32:19]} 1/2-1/2

[Event "Sarkany-Aranytiz GM"]
[Site "Budapest"]
[Date "2015.08.19"]
[Round "5.5"]
[White "Zhou, Yang-Fan"]
[Black "Rajlich, Iweta"]
[Result "0-1"]
[BlackElo "2392"]
[WhiteElo "2473"]
[LiveChessVersion "1.4.6"]

1. e4 {[%clk 1:30:01]} e6 {[%clk 1:29:58]} 2. d4 {[%clk 1:30:21]} d5
{[%clk 1:30:23]} 3. Nd2 {[%clk 1:30:47]} c5 {[%clk 1:30:49]} 4. exd5
{[%clk 1:30:53]} exd5 {[%clk 1:31:13]} 5. Ngf3 {[%clk 1:30:36]} Nf6
{[%clk 1:31:37]} 6. Bb5+ {[%clk 1:30:38]} Bd7 {[%clk 1:32:02]} 7. Bxd7+
{[%clk 1:30:58]} Nbxd7 {[%clk 1:32:25]} 8. O-O {[%clk 1:31:22]} Be7
{[%clk 1:32:31]} 9. dxc5 {[%clk 1:31:41]} Nxc5 {[%clk 1:32:50]} 10. Nb3
{[%clk 1:31:48]} Nce4 {[%clk 1:33:12]} 11. Nfd4 {[%clk 1:31:57]} Qd7
{[%clk 1:32:47]} 12. f3 {[%clk 1:31:34]} Nd6 {[%clk 1:30:08]} 13. Nc5
{[%clk 1:31:37]} Qc7 {[%clk 1:30:05]} 14. Nd3 {[%clk 1:31:14]} O-O
{[%clk 1:29:38]} 15. Kh1 {[%clk 1:15:15]} Rfe8 {[%clk 1:20:22]} 16. b3
{[%clk 1:08:11]} Bd8 {[%clk 1:11:24]} 17. Bb2 {[%clk 0:59:36]} Rc8
{[%clk 1:10:35]} 18. Re1 {[%clk 0:54:44]} Rxe1+ {[%clk 1:02:49]} 19. Qxe1
{[%clk 0:54:42]} Qa5 {[%clk 1:00:04]} 20. Qg3 {[%clk 0:49:53]} Bc7
{[%clk 0:58:05]} 21. Nc6 {[%clk 0:44:37]} bxc6 {[%clk 0:45:30]} 22. Bxf6
{[%clk 0:45:01]} Nf5 {[%clk 0:41:41]} 23. Qg5 {[%clk 0:33:05]} d4
{[%clk 0:36:20]} 24. g4 {[%clk 0:31:08]} h6 {[%clk 0:34:33]} 25. Qxf5
{[%clk 0:30:15]} Qxf5 {[%clk 0:35:01]} 26. gxf5 {[%clk 0:30:38]} gxf6
{[%clk 0:35:22]} 27. Re1 {[%clk 0:30:35]} Kf8 {[%clk 0:30:36]} 28. Re4
{[%clk 0:18:13]} Bb6 {[%clk 0:27:15]} 29. Nf4 {[%clk 0:14:34]} Rd8
{[%clk 0:22:20]} 30. Kg2 {[%clk 0:13:49]} Bc7 {[%clk 0:19:18]} 31. Nd3
{[%clk 0:12:47]} Rd5 {[%clk 0:18:31]} 32. Rh4 {[%clk 0:06:47]} Kg7
{[%clk 0:18:22]} 33. Rg4+ {[%clk 0:07:12]} Kf8 {[%clk 0:18:29]} 34. Rh4
{[%clk 0:05:28]} Kg7 {[%clk 0:16:22]} 35. Rh5 {[%clk 0:05:28]} c5
{[%clk 0:14:33]} 36. f4 {[%clk 0:03:32]} c4 {[%clk 0:13:45]} 37. bxc4
{[%clk 0:03:57]} Ra5 {[%clk 0:14:05]} 38. Kf3 {[%clk 0:03:16]} Rxa2
{[%clk 0:12:50]} 39. Ke4 {[%clk 0:02:29]} Rxc2 {[%clk 0:10:59]} 40. Kxd4
{[%clk 0:02:51]} a5 {[%clk 0:07:46]} 41. Rh3 {[%clk 0:03:08]} a4 {[%clk 0:06:51]}
42. Nc5 {[%clk 0:32:27]} Ra2 {[%clk 0:26:30]} 43. Na6 {[%clk 0:14:51]} Bxf4
{[%clk 0:25:30]} 44. c5 {[%clk 0:15:17]} Rxh2 {[%clk 0:22:48]} 45. Rf3
{[%clk 0:11:58]} Be5+ {[%clk 0:19:38]} 46. Kc4 {[%clk 0:08:26]} h5
{[%clk 0:15:50]} 47. c6 {[%clk 0:07:09]} h4 {[%clk 0:14:34]} 48. c7
{[%clk 0:06:01]} Bxc7 {[%clk 0:13:38]} 49. Nxc7 {[%clk 0:05:16]} Rc2+
{[%clk 0:14:04]} 50. Kd5 {[%clk 0:03:36]} Rxc7 {[%clk 0:14:24]} 51. Rf4
{[%clk 0:03:56]} Ra7 {[%clk 0:13:23]} 52. Rxh4 {[%clk 0:04:21]} a3
{[%clk 0:13:42]} 53. Rh1 {[%clk 0:04:45]} a2 {[%clk 0:14:03]} 54. Ra1
{[%clk 0:05:11]} Kh6 {[%clk 0:12:53]} 55. Ke4 {[%clk 0:05:02]} Ra4+
{[%clk 0:13:13]} 56. Kd3 {[%clk 0:02:24]} Kg5 {[%clk 0:13:36]} 57. Kc3
{[%clk 0:02:46]} Kxf5 {[%clk 0:13:44]} 58. Kb2 {[%clk 0:03:10]} Rf4
{[%clk 0:13:48]} 59. Re1 {[%clk 0:02:42]} Ra4 {[%clk 0:11:20]} 60. Ka1
{[%clk 0:03:08]} Ra5 {[%clk 0:09:19]} 61. Rf1+ {[%clk 0:03:10]} Ke6
{[%clk 0:09:21]} 62. Re1+ {[%clk 0:03:31]} Kd6 {[%clk 0:09:27]} 63. Rd1+
{[%clk 0:03:46]} Ke7 {[%clk 0:09:39]} 64. Re1+ {[%clk 0:03:59]} Kf8
{[%clk 0:10:07]} 0-1

[Event "Sarkany-Aranytiz GM"]
[Site "Budapest"]
[Date "2015.08.20"]
[Round "6.2"]
[White "Kovacs, Gabor"]
[Black "Rajlich, Iweta"]
[Result "0-1"]
[BlackElo "2392"]
[WhiteElo "2489"]
[LiveChessVersion "1.4.6"]

1. d4 c5 {[%clk 1:21:54]} 2. e3 {[%clk 1:30:09]} g6 {[%clk 1:20:02]} 3. a3
{[%clk 1:28:03]} cxd4 {[%clk 1:17:45]} 4. exd4 {[%clk 1:28:30]} Bg7
{[%clk 1:18:10]} 5. c3 {[%clk 1:28:54]} Nf6 {[%clk 1:18:11]} 6. Nf3
{[%clk 1:28:46]} b6 {[%clk 1:17:31]} 7. Bd3 {[%clk 1:28:35]} Bb7 {[%clk 1:17:22]}
8. O-O {[%clk 1:28:59]} O-O {[%clk 1:16:55]} 9. Bg5 {[%clk 1:27:46]} d6
{[%clk 1:15:44]} 10. Nbd2 {[%clk 1:22:08]} Nbd7 {[%clk 1:13:36]} 11. Re1
{[%clk 1:22:24]} Re8 {[%clk 1:10:52]} 12. Ne4 {[%clk 1:21:19]} Bxe4
{[%clk 1:09:56]} 13. Bxe4 {[%clk 1:21:36]} Nxe4 {[%clk 1:10:16]} 14. Rxe4
{[%clk 1:22:02]} h6 {[%clk 1:07:58]} 15. Bd2 {[%clk 1:19:42]} e5 {[%clk 1:05:17]}
16. Qb3 {[%clk 1:04:50]} Nf6 {[%clk 1:05:05]} 17. Re2 {[%clk 1:05:16]} e4
{[%clk 1:05:03]} 18. Ne1 {[%clk 1:05:45]} Qd7 {[%clk 1:00:12]} 19. Nc2
{[%clk 1:05:27]} d5 {[%clk 0:55:00]} 20. Rf1 {[%clk 1:00:50]} Rad8
{[%clk 0:39:57]} 21. Ree1 {[%clk 1:01:14]} g5 {[%clk 0:32:11]} 22. Bc1
{[%clk 0:43:18]} g4 {[%clk 0:31:40]} 23. Ne3 {[%clk 0:32:44]} Kh8
{[%clk 0:30:46]} 24. c4 {[%clk 0:21:38]} dxc4 {[%clk 0:27:41]} 25. Qxc4
{[%clk 0:22:01]} Nh7 {[%clk 0:24:52]} 26. d5 {[%clk 0:17:32]} f5 {[%clk 0:25:17]}
27. Qc6 {[%clk 0:17:54]} Qf7 {[%clk 0:24:26]} 28. d6 {[%clk 0:16:16]} Ng5
{[%clk 0:19:56]} 29. Rd1 {[%clk 0:13:10]} Be5 {[%clk 0:17:10]} 30. Nc4
{[%clk 0:05:11]} Bxh2+ {[%clk 0:12:34]} 31. Kxh2 {[%clk 0:05:17]} Nf3+
{[%clk 0:12:30]} 32. Kg3 {[%clk 0:05:43]} h5 {[%clk 0:06:51]} 33. d7
{[%clk 0:01:02]} f4+ {[%clk 0:06:17]} 34. Bxf4 {[%clk 0:01:30]} h4+
{[%clk 0:06:40]} 35. Kxg4 {[%clk 0:01:41]} Rg8+ {[%clk 0:06:51]} 0-1

[Event "Sarkany-Aranytiz GM"]
[Site "Budapest"]
[Date "2015.08.20"]
[Round "6.3"]
[White "Nguyen, Huynh Minh Huy"]
[Black "Zhou, Yang-Fan"]
[Result "1/2-1/2"]
[BlackElo "2473"]
[WhiteElo "2496"]
[LiveChessVersion "1.4.6"]

1. d4 {[%clk 1:30:17]} Nf6 {[%clk 1:30:22]} 2. Bg5 {[%clk 1:30:40]} Ne4
{[%clk 1:30:13]} 3. Bf4 {[%clk 1:31:03]} c5 {[%clk 1:30:37]} 4. f3
{[%clk 1:31:24]} Nf6 {[%clk 1:27:18]} 5. dxc5 {[%clk 1:31:35]} e5
{[%clk 1:20:14]} 6. Bxe5 {[%clk 1:26:02]} Bxc5 {[%clk 1:20:39]} 7. Bd4
{[%clk 1:24:53]} Qb6 {[%clk 1:19:14]} 8. Bxc5 {[%clk 1:20:48]} Qxc5
{[%clk 1:19:38]} 9. c3 {[%clk 1:16:35]} Nc6 {[%clk 1:17:27]} 10. Nd2
{[%clk 1:14:52]} O-O {[%clk 1:14:22]} 11. Nb3 {[%clk 1:15:00]} Qb6
{[%clk 1:11:57]} 12. Qd2 {[%clk 1:07:45]} d5 {[%clk 1:10:17]} 13. e3
{[%clk 1:07:15]} Re8 {[%clk 1:09:50]} 14. Nd4 {[%clk 1:03:49]} Nxd4
{[%clk 1:03:48]} 15. cxd4 {[%clk 1:04:05]} Bf5 {[%clk 0:53:44]} 16. Ne2
{[%clk 1:04:24]} Re7 {[%clk 0:38:26]} 17. Nc3 {[%clk 1:02:09]} Rxe3+
{[%clk 0:35:24]} 18. Kf2 {[%clk 0:59:50]} Rae8 {[%clk 0:33:15]} 19. Rd1
{[%clk 0:59:33]} h5 {[%clk 0:21:32]} 20. Be2 {[%clk 0:58:10]} h4 {[%clk 0:20:41]}
21. Rhe1 {[%clk 0:53:09]} a6 {[%clk 0:19:43]} 22. Bf1 {[%clk 0:51:06]} Rxe1
{[%clk 0:19:00]} 23. Rxe1 {[%clk 0:51:22]} Rxe1 {[%clk 0:19:25]} 24. Kxe1
{[%clk 0:51:48]} Bg6 {[%clk 0:14:28]} 25. Kf2 {[%clk 0:48:57]} Bf5
{[%clk 0:13:30]} 26. Be2 {[%clk 0:49:09]} g6 {[%clk 0:11:25]} 27. Bd1
{[%clk 0:48:25]} Qd6 {[%clk 0:04:55]} 28. Kg1 {[%clk 0:41:06]} Nh5
{[%clk 0:04:47]} 29. Ne2 {[%clk 0:41:18]} Be6 {[%clk 0:03:24]} 30. Bb3
{[%clk 0:39:31]} Qd8 {[%clk 0:01:21]} 31. Nc3 {[%clk 0:33:31]} Ng7
{[%clk 0:01:16]} 32. Qf4 {[%clk 0:32:46]} Nf5 {[%clk 0:01:08]} 33. Qe5
{[%clk 0:32:09]} Qg5 {[%clk 0:00:43]} 34. f4 {[%clk 0:30:40]} Qd8
{[%clk 0:01:10]} 35. Bxd5 {[%clk 0:28:51]} Qb6 {[%clk 0:01:19]} 36. Bxe6
{[%clk 0:28:04]} fxe6 {[%clk 0:01:44]} 37. Ne2 {[%clk 0:27:23]} Qxb2
{[%clk 0:00:44]} 38. Qxe6+ {[%clk 0:27:21]} Kg7 {[%clk 0:01:08]} 39. Kf2
{[%clk 0:25:59]} a5 {[%clk 0:00:38]} 40. g4 {[%clk 0:56:07]} hxg3+
{[%clk 0:31:03]} 41. hxg3 {[%clk 0:56:29]} Qb4 {[%clk 0:29:29]} 42. g4
{[%clk 0:47:28]} Nh6 {[%clk 0:29:25]} 43. d5 {[%clk 0:39:14]} Nf7
{[%clk 0:28:10]} 44. Qe3 {[%clk 0:36:13]} Qb5 {[%clk 0:18:26]} 45. Qd4+
{[%clk 0:30:09]} Kh7 {[%clk 0:17:38]} 46. f5 {[%clk 0:26:35]} gxf5
{[%clk 0:16:57]} 47. gxf5 {[%clk 0:26:57]} Qd7 {[%clk 0:15:46]} 48. Ng3
{[%clk 0:25:58]} Qc7 {[%clk 0:14:37]} 49. Qe4 {[%clk 0:25:15]} Qb6+
{[%clk 0:13:06]} 50. Kf1 {[%clk 0:23:44]} Qf6 {[%clk 0:11:13]} 51. Kg2
{[%clk 0:21:07]} Qb2+ {[%clk 0:09:50]} 52. Ne2 {[%clk 0:18:47]} Kg7
{[%clk 0:10:16]} 53. a4 {[%clk 0:17:59]} Kf8 {[%clk 0:07:59]} 54. Kf2
{[%clk 0:17:21]} Ng5 {[%clk 0:03:53]} 55. Qe3 {[%clk 0:14:23]} Nf7
{[%clk 0:04:12]} 56. Qc5+ {[%clk 0:11:41]} Kg7 {[%clk 0:04:05]} 57. Qxa5
{[%clk 0:10:56]} Qe5 {[%clk 0:04:23]} 58. Ng3 {[%clk 0:10:34]} Qb2+
{[%clk 0:02:42]} 59. Kf1 {[%clk 0:10:38]} Qc1+ {[%clk 0:01:54]} 60. Kg2
{[%clk 0:10:27]} Ng5 {[%clk 0:02:07]} 61. Qb4 {[%clk 0:05:40]} Qc2+
{[%clk 0:02:17]} 62. Kf1 {[%clk 0:04:56]} Qd1+ {[%clk 0:01:06]} 63. Qe1
{[%clk 0:04:51]} Qd3+ {[%clk 0:00:40]} 64. Kf2 {[%clk 0:03:49]} Qd4+
{[%clk 0:00:50]} 65. Qe3 {[%clk 0:03:54]} Nh3+ {[%clk 0:00:34]} 66. Kf3
{[%clk 0:03:52]} Ng1+ {[%clk 0:00:47]} 67. Kf2 {[%clk 0:04:16]} Nh3+
{[%clk 0:01:13]} 1/2-1/2

[Event "Sarkany-Aranytiz GM"]
[Site "Budapest"]
[Date "2015.08.20"]
[Round "6.4"]
[White "Prasanna, Raghuram Rao"]
[Black "Almasi, Istvan"]
[Result "1-0"]
[BlackElo "2405"]
[WhiteElo "2424"]
[LiveChessVersion "1.4.6"]

1. d4 {[%clk 1:30:27]} d5 {[%clk 1:30:02]} 2. Nf3 {[%clk 1:30:52]} Nf6
{[%clk 1:30:09]} 3. c4 {[%clk 1:31:18]} dxc4 {[%clk 1:29:11]} 4. e3
{[%clk 1:31:39]} a6 {[%clk 1:28:55]} 5. Bxc4 {[%clk 1:32:00]} e6 {[%clk 1:29:21]}
6. O-O {[%clk 1:32:06]} c5 {[%clk 1:25:58]} 7. Qe2 {[%clk 1:32:30]} b5
{[%clk 1:24:28]} 8. Bb3 {[%clk 1:32:49]} Bb7 {[%clk 1:24:08]} 9. Rd1
{[%clk 1:30:19]} Nbd7 {[%clk 1:23:24]} 10. Nc3 {[%clk 1:30:43]} Be7
{[%clk 1:22:03]} 11. dxc5 {[%clk 1:24:04]} Qc7 {[%clk 1:20:35]} 12. e4
{[%clk 1:18:28]} Nxc5 {[%clk 1:19:32]} 13. e5 {[%clk 1:14:51]} Nfe4
{[%clk 1:09:10]} 14. Nxe4 {[%clk 1:12:30]} Bxe4 {[%clk 1:08:17]} 15. Bc2
{[%clk 1:05:51]} Bxc2 {[%clk 1:00:46]} 16. Qxc2 {[%clk 1:06:10]} Rc8
{[%clk 1:01:03]} 17. h3 {[%clk 0:46:01]} O-O {[%clk 0:55:52]} 18. Bg5
{[%clk 0:45:54]} h6 {[%clk 0:43:55]} 19. Bxe7 {[%clk 0:45:51]} Qxe7
{[%clk 0:44:23]} 20. Rd6 {[%clk 0:45:30]} f6 {[%clk 0:19:26]} 21. Rad1
{[%clk 0:41:07]} fxe5 {[%clk 0:18:27]} 22. Nxe5 {[%clk 0:39:52]} Qf6
{[%clk 0:12:37]} 23. Nc6 {[%clk 0:34:12]} Na4 {[%clk 0:13:00]} 24. Re1
{[%clk 0:28:37]} Rfe8 {[%clk 0:07:37]} 25. b3 {[%clk 0:23:57]} Nc3
{[%clk 0:05:46]} 26. Qd2 {[%clk 0:23:51]} Kh8 {[%clk 0:04:44]} 27. Ne5
{[%clk 0:23:52]} Nd5 {[%clk 0:03:59]} 28. Rxa6 {[%clk 0:23:43]} Nf4
{[%clk 0:03:11]} 29. Qxf4 {[%clk 0:24:10]} 1-0

[Event "Sarkany-Aranytiz GM"]
[Site "Budapest"]
[Date "2015.08.20"]
[Round "6.5"]
[White "Balog, Imre"]
[Black "Torma, Robert"]
[Result "0-1"]
[BlackElo "2434"]
[WhiteElo "2537"]
[LiveChessVersion "1.4.6"]

1. c4 {[%clk 1:30:24]} c5 {[%clk 1:30:27]} 2. g3 {[%clk 1:30:46]} Nf6
{[%clk 1:30:50]} 3. Bg2 {[%clk 1:31:11]} d5 {[%clk 1:31:10]} 4. cxd5
{[%clk 1:31:21]} Nxd5 {[%clk 1:31:34]} 5. Nc3 {[%clk 1:31:46]} Nc7
{[%clk 1:31:55]} 6. Qa4+ {[%clk 1:32:02]} Bd7 {[%clk 1:31:25]} 7. Qb3
{[%clk 1:27:23]} Nc6 {[%clk 1:31:15]} 8. Qxb7 {[%clk 1:27:47]} Nd4
{[%clk 1:31:12]} 9. Qe4 {[%clk 1:28:03]} g6 {[%clk 1:29:51]} 10. Qb1
{[%clk 1:27:27]} Bg7 {[%clk 1:28:40]} 11. e3 {[%clk 1:26:25]} Bf5
{[%clk 1:27:01]} 12. Be4 {[%clk 1:26:09]} Bxe4 {[%clk 1:24:20]} 13. Nxe4
{[%clk 1:23:54]} Nc6 {[%clk 1:12:43]} 14. Ne2 {[%clk 1:22:26]} f5
{[%clk 1:09:29]} 15. N4c3 {[%clk 1:22:52]} e5 {[%clk 0:58:16]} 16. O-O
{[%clk 1:22:42]} e4 {[%clk 0:53:03]} 17. f3 {[%clk 1:22:26]} exf3
{[%clk 0:52:58]} 18. Rxf3 {[%clk 1:22:48]} O-O {[%clk 0:51:03]} 19. Rf1
{[%clk 1:21:54]} Qd6 {[%clk 0:46:23]} 20. a3 {[%clk 1:20:13]} Kh8
{[%clk 0:41:03]} 21. Qa2 {[%clk 1:18:28]} Rab8 {[%clk 0:32:30]} 22. Nf4
{[%clk 1:17:03]} Ne5 {[%clk 0:29:40]} 23. b4 {[%clk 1:15:00]} Qc6
{[%clk 0:24:28]} 24. bxc5 {[%clk 1:13:57]} Nf3+ {[%clk 0:24:14]} 25. Rxf3
{[%clk 1:14:30]} Qxf3 {[%clk 0:25:13]} 26. Bb2 {[%clk 1:14:51]} g5
{[%clk 0:16:01]} 27. Nh3 {[%clk 1:13:56]} Qh5 {[%clk 0:15:52]} 28. Nf2
{[%clk 1:12:52]} f4 {[%clk 0:12:45]} 29. g4 {[%clk 1:12:28]} Qh4 {[%clk 0:10:04]}
30. e4 {[%clk 1:12:03]} Bd4 {[%clk 0:09:18]} 31. Rf1 {[%clk 1:12:28]} Qxg4+
{[%clk 0:09:19]} 32. Kh1 {[%clk 1:12:54]} Qf3+ {[%clk 0:09:27]} 33. Kg1
{[%clk 1:13:20]} g4 {[%clk 0:08:42]} 34. Qc4 {[%clk 1:12:59]} Ne6
{[%clk 0:04:38]} 35. Ncd1 {[%clk 1:10:47]} Rxb2 {[%clk 0:04:31]} 36. Qxe6
{[%clk 1:10:51]} g3 {[%clk 0:04:31]} 0-1

[Event "Sarkany-Aranytiz GM"]
[Site "Budapest"]
[Date "2015.08.21"]
[Round "7.1"]
[White "Rajlich, Iweta"]
[Black "Nguyen, Huynh Minh Huy"]
[Result "1-0"]
[BlackElo "2496"]
[WhiteElo "2392"]
[LiveChessVersion "1.4.6"]

1. d4 {[%clk 1:26:42]} d5 {[%clk 1:29:43]} 2. g3 {[%clk 1:26:59]} c6
{[%clk 1:28:32]} 3. Bg2 {[%clk 1:27:24]} Bg4 {[%clk 1:28:56]} 4. f3
{[%clk 1:26:59]} Bf5 {[%clk 1:28:34]} 5. e4 {[%clk 1:27:03]} Bg6 {[%clk 1:27:03]}
6. e5 {[%clk 1:23:17]} e6 {[%clk 1:26:38]} 7. c3 {[%clk 1:18:02]} c5
{[%clk 1:22:07]} 8. Be3 {[%clk 1:18:09]} Nd7 {[%clk 1:19:01]} 9. Ne2
{[%clk 1:14:22]} Ne7 {[%clk 1:13:03]} 10. O-O {[%clk 1:13:39]} Nc6
{[%clk 1:10:30]} 11. Nd2 {[%clk 1:04:15]} Qb6 {[%clk 1:08:18]} 12. b4
{[%clk 0:53:45]} cxd4 {[%clk 0:59:12]} 13. Nxd4 {[%clk 0:53:54]} Nxd4
{[%clk 0:59:27]} 14. Bxd4 {[%clk 0:53:20]} Qc7 {[%clk 0:59:50]} 15. Qe2
{[%clk 0:51:24]} Nb6 {[%clk 0:57:00]} 16. f4 {[%clk 0:45:28]} h5 {[%clk 0:55:23]}
17. a4 {[%clk 0:42:53]} Rc8 {[%clk 0:50:35]} 18. a5 {[%clk 0:39:55]} Nc4
{[%clk 0:50:51]} 19. Nxc4 {[%clk 0:40:21]} Qxc4 {[%clk 0:51:15]} 20. Qxc4
{[%clk 0:40:38]} Rxc4 {[%clk 0:51:35]} 21. a6 {[%clk 0:35:46]} bxa6
{[%clk 0:51:37]} 22. Rfd1 {[%clk 0:36:03]} h4 {[%clk 0:44:08]} 23. Rxa6
{[%clk 0:33:40]} hxg3 {[%clk 0:43:05]} 24. hxg3 {[%clk 0:34:09]} 1-0

[Event "Sarkany-Aranytiz GM"]
[Site "Budapest"]
[Date "2015.08.21"]
[Round "7.2"]
[White "Almasi, Istvan"]
[Black "Balog, Imre"]
[Result "1-0"]
[BlackElo "2537"]
[WhiteElo "2405"]
[LiveChessVersion "1.4.6"]

1. Nf3 {[%clk 1:30:10]} d5 {[%clk 1:30:15]} 2. d4 {[%clk 1:29:23]} c6
{[%clk 1:30:21]} 3. c4 {[%clk 1:30:09]} Nf6 {[%clk 1:30:25]} 4. g3
{[%clk 1:27:45]} dxc4 {[%clk 1:29:10]} 5. Bg2 {[%clk 1:28:00]} g6
{[%clk 1:29:33]} 6. O-O {[%clk 1:21:57]} Bg7 {[%clk 1:27:56]} 7. a4
{[%clk 1:18:10]} h6 {[%clk 1:23:05]} 8. a5 {[%clk 1:03:08]} Be6 {[%clk 1:19:52]}
9. Nc3 {[%clk 0:56:30]} O-O {[%clk 1:16:08]} 10. e4 {[%clk 0:56:41]} Na6
{[%clk 1:16:02]} 11. Ne5 {[%clk 0:50:12]} Nd7 {[%clk 1:15:08]} 12. f4
{[%clk 0:48:50]} Nxe5 {[%clk 1:15:12]} 13. fxe5 {[%clk 0:48:53]} Qd7
{[%clk 1:12:14]} 14. Be3 {[%clk 0:42:16]} Bg4 {[%clk 1:12:11]} 15. Qa4
{[%clk 0:35:17]} c5 {[%clk 1:11:46]} 16. dxc5 {[%clk 0:32:28]} Qxa4
{[%clk 1:09:08]} 17. Rxa4 {[%clk 0:32:43]} Bxe5 {[%clk 1:09:33]} 18. Rxc4
{[%clk 0:32:11]} Kg7 {[%clk 1:09:27]} 19. b4 {[%clk 0:29:41]} Rfd8
{[%clk 1:07:08]} 20. Bf4 {[%clk 0:17:19]} Bxf4 {[%clk 1:03:47]} 21. gxf4
{[%clk 0:17:47]} Rd3 {[%clk 1:03:17]} 22. f5 {[%clk 0:12:22]} Rb8
{[%clk 0:58:35]} 23. b5 {[%clk 0:10:18]} Nc7 {[%clk 0:59:00]} 24. b6
{[%clk 0:10:08]} axb6 {[%clk 0:59:00]} 25. axb6 {[%clk 0:10:27]} Na6
{[%clk 0:59:02]} 26. Nd5 {[%clk 0:06:15]} Be2 {[%clk 0:59:07]} 27. Rfc1
{[%clk 0:06:09]} gxf5 {[%clk 0:55:30]} 28. exf5 {[%clk 0:05:46]} Kf8
{[%clk 0:55:49]} 29. Rh4 {[%clk 0:02:59]} Rd2 {[%clk 0:53:01]} 30. Rxh6
{[%clk 0:02:13]} Kg7 {[%clk 0:52:51]} 31. Rh3 {[%clk 0:02:30]} Bb5
{[%clk 0:53:15]} 32. Nxe7 {[%clk 0:02:08]} Re8 {[%clk 0:53:13]} 33. Rg3+
{[%clk 0:02:07]} Kf6 {[%clk 0:52:57]} 34. Nd5+ {[%clk 0:02:16]} Kxf5
{[%clk 0:53:23]} 35. Nc7 {[%clk 0:01:48]} Nxc7 {[%clk 0:52:54]} 36. bxc7
{[%clk 0:02:16]} 1-0